PROCEEDINGS of ad hoc FAO/ECE/FINNIDA Meeting of Experts on Forest Resource Assessment, Kotka, Finland, 26-30 October 1987
| Format: | Book |
|---|---|
| Published: |
Helsinki, Finland :
FINNIDA ,
1987
|
| Subjects: |
MARC
| LEADER | 00000cam a2200000 7i4500 | ||
|---|---|---|---|
| 001 | 0000001780 | ||
| 005 | 20011130.0 | ||
| 020 | 0 | 0 | |a 951400826X |
| 090 | 0 | 0 | |a 634.9 |b PRO 1987 |
| 245 | 0 | 0 | |a PROCEEDINGS of ad hoc FAO/ECE/FINNIDA Meeting of Experts on Forest Resource Assessment, Kotka, Finland, 26-30 October 1987 |
| 260 | 0 | 0 | |a Helsinki, Finland : |b FINNIDA , |c 1987 |
| 300 | |a 433 p. : |b ill. ; |c 25 cm. | ||
| 500 | 0 | 0 | |a Includes bibliographies |
| 650 | 0 | 0 | |a Forests and forestry |
| 998 | |a JPSM | ||
| 999 | |a 0000002781 |b Monograph |c Open Shelf |e Default branch | ||